Normal view MARC view
  • Gimeno Sacristán, José,

Entry Nombre Personal

Number of records used in: 25

001 - NUMERO DE CONTROL

  • campo de control: 30980

003 - IDENTIFICADOR DE NUMERO DE CONTROL

  • campo de control: DLC

005 - FECHA Y HORA DE LA ÜLTIMA TRANSACCIÓN

  • campo de control: 20230301111632.0

008 - DATOS DE LONGITUD FIJA

  • campo de control de longitud fija: 230301n| acannaabn |a aaa

010 ## - NÚMERO DE CONTROL DE LA BIBLIOTECA DEL CONGRESO

  • Número de control LC: n 82126660
  • Número de Control LC Cancelado/inválido: no2010159537

035 ## - NUMERO DE CONTROL

  • Número de control: (OCoLC)oca00822966

040 ## - FUENTE DE CATALOGACIÓN

  • Agencia original de catalogación: DLC
  • Lenguaje de catalogación: spa
  • Agencia de transcripción: DLC
  • Agencia que lo modifica: OCoLC
  • Agencia que lo modifica: DLC
  • Agencia que lo modifica: MX-MxUPN

100 1# - ENCABEZAMIENTO - NOMBRE PERSONAL

  • Nombre personal: Gimeno Sacristán, José,
  • Fechas asociadas con el nombre: 1947-

400 1# - VEÁSE - NOMBRE DE PERSONA

  • Personal name: Gimeno Sacristán, J.
  • Fuller form of name: (José),
  • Dates associated with a name: 1947-

400 1# - VEÁSE - NOMBRE DE PERSONA

  • Personal name: Sacristán, José Gimeno,
  • Dates associated with a name: 1947-

400 1# - VEÁSE - NOMBRE DE PERSONA

  • Personal name: Sacristán, J. Gimeno
  • Fuller form of name: (José Gimeno),
  • Dates associated with a name: 1947-

670 ## - FUENTE EN LA QUE SE LOCALIZARON DATOS

  • Cita de la fuente: Una escuela para nuestro tiempo, 1976:
  • Información localizada: portada (J. Gimeno Sacristán)

670 ## - FUENTE EN LA QUE SE LOCALIZARON DATOS

  • Cita de la fuente: Formación del profesorado de EGB, 1980?:
  • Información localizada: portada (J. Gimeno Sacristán)

670 ## - FUENTE EN LA QUE SE LOCALIZARON DATOS

  • Cita de la fuente: Educar por competencias ..., 2008:
  • Información localizada: portada (José Gimeno Sacristán) cubierta (J. Gimeno Sacristán)

902 ## - CATALOGADOR

  • Catalogador: NDAF/010323